00536 2200181 4500001002100000005001500021035002000036007000300056008004100059082001600100084002200116100001200138245007500150260003700225300004300262650002000305600002900325INLIS00000000000113120250120101232 a0010-0125000014ta250120 g 0 ind  a631.8-631.4 a631.8-631.4 NUR p0 aNurjaya1 aPETUNJUK TEKNIS PENGAMBILAN CONTOH PUPUK DAN PEMBENAH TANAH /cNurjaya aJakarta :bPertanianPress,c2023 aviii, 60 hlm, :bIlus ;c15 cm x 21 cm 4aPETUNJUK TEKNIS 4aPUPUK DAN PEMBENAH TANAH